| 000 | 00508nam a22001937a 4500 | ||
|---|---|---|---|
| 003 | OSt | ||
| 005 | 20160202125353.0 | ||
| 008 | 160202b xxu||||| |||| 00| 0 eng d | ||
| 020 | _a1850653720 | ||
| 040 | _cDDC. | ||
| 082 | _a320.0967571 PRU1995. | ||
| 100 |
_aPrunier,Gerald; _96652 |
||
| 245 |
_aThe Rwanda Crisis; _bHistory Of A Genocide. |
||
| 260 |
_aLondon. _bHurst &Company. _c1995. |
||
| 300 |
_axiv,424p; _bill; _c22cm |
||
| 504 | _aincludes index. | ||
| 650 |
_aHistory _96507 |
||
| 942 |
_2ddc _cSLOAN |
||
| 999 |
_c2925 _d2925 |
||